| 000 | 01198cam a2200337 a 4500 | ||
|---|---|---|---|
| 003 | CHAP | ||
| 005 | 20220329142217.0 | ||
| 008 | 000218d1995 mx r 00010 spa d | ||
| 010 | _a79957 | ||
| 011 | _a80929 | ||
| 035 | _a91386 | ||
| 040 | _cCHAP | ||
| 082 | 0 | 4 |
_a338.10985 _bV3 |
| 100 | 0 | 0 |
_aVásquez Villanueva, Absalón. _9120275 |
| 245 | 1 | 3 |
_aLa agricultura peruana en el siglo XXI : _bretos y oportunidades _c/por Absalón Vásquez Villanueva |
| 260 |
_aLima, Perú ; _bMinisterio de Agricultura, _c1995. |
||
| 300 |
_a209 p. : _btablas |
||
| 590 |
_aBATCH-UPD _b10 _c20130110 _lUCH01 _h0807 |
||
| 590 |
_aBATCH-UPD _b10 _c20130410 _lUCH01 _h0445 |
||
| 590 |
_aBATCH-UPD _b10 _c20130914 _lUCH01 _h1929 |
||
| 590 |
_aCONVERSION _b10 _c20130109 _lUCH01 _h1344 |
||
| 650 | 1 | 4 |
_aAgricultura y Estado _zPeru. _92072 |
| 650 | 1 | 4 |
_aAgricultura _xAspectos economicos _xPeru. _91282 |
| 650 | 1 | 4 |
_aAgricultura _xPeru. _91762 |
| 650 | 1 | 4 |
_aPolítica agrícola _xPerú. _990349 |
| 901 | _aBK | ||
| 905 | _aMayto Villalobos S. | ||
| 942 | _cLIBRO | ||
| 949 |
_a338.10985 V3 _bBC _cLIBRO _d33724000733556 _eLIBRO _fc.2 _h96599 _i91386 _sb |
||
| 949 |
_a338.10985 V3 _bBC _cLIBRO _d33724000733564 _eLIBRO _h96598 _i91386 _sb |
||
| 999 |
_c79957 _d79957 |
||